Sands, powders, and grains: an introduction to the physics of granular materials

Guardado en:
Detalles Bibliográficos
Autor principal: Duran, Jacques (Autor)
Formato: Libro
Lenguaje:inglés
Publicado: Nueva York Springer 2000
Colección:Partially Ordered Systems
Materias:
Etiquetas: Agregar Etiqueta
Sin Etiquetas, Sea el primero en etiquetar este registro!

MARC

LEADER 00000cam a2200000 a 4500
001 UCE6470
003 CL-VaPUC
008 150416e20000000us |||||||||||||||||eng|d
020 |a 9781461267904 
082 0 4 |a 620.43  |b DUR  |2 21 
100 0 |a Duran, Jacques  |e author  |9 579133 
245 1 0 |a Sands, powders, and grains: an introduction to the physics of granular materials 
300 |a 214 p 
942 |c BK 
945 |d 20150416 10:41:00  |a cmena 
260 |a Nueva York  |b Springer  |c 2000 
650 7 |a MATERIAL GRANULAR  |2 CL-VaPUC  |9 550812 
650 0 |a Propiedades físicas  |9 342981 
650 0 |a Propiedades químicas   |9 345805 
650 7 |a SIMULACION MATEMATICA  |2 CL-VaPUC  |9 544164 
583 |a last modification  |c 20150416 10:41:00  |k Rodrigo Vera 
490 0 |a Partially Ordered Systems 
999 |c 358796  |d 358794 
952 |0 0  |1 0  |3 erb  |4 0  |6 620_430000000000000_DUR_2000  |7 0  |8 A  |9 467691  |a BIBCUR  |b BIBCUR  |i 5146070  |o 620.43 DUR 2000  |p 5146070  |r 2025-04-22  |w 2019-11-23  |y BK  |z Catalogado en:20150416  |k FIS 
952 |0 0  |1 0  |3 erb  |4 0  |6 620_430000000000000_DUR_2000  |7 0  |8 A  |9 467692  |a BIBCUR  |b BIBCUR  |i 5146089  |o 620.43 DUR 2000  |p 5146089  |r 2025-04-22  |w 2019-11-23  |y BK  |z Catalogado en:20150416  |k FIS